Πεταχτές νότες για το εκπαιδευτικό ζήτημα : πολεμική απο την εφημερίδα Παρατηρητής των Χανίων

Αποθηκεύτηκε σε:
Λεπτομέρειες βιβλιογραφικής εγγραφής
Κύριος συγγραφέας: Κωνσταντινίδης, Φ. Δ. Λ.
Μορφή: Βιβλίο
Γλώσσα:Greek
Δημοσίευση: [Χανιά] : [χ. ό.], 1927.
Θέματα:
Ετικέτες: Προσθήκη ετικέτας
Δεν υπάρχουν, Καταχωρήστε ετικέτα πρώτοι!

MARC

LEADER 00000nam a2200000 a 4500
001 1/125580
008 221108s1927####gr | ||| |||| ||gre||
040 |a GR-MyUa  |b gre  |c GR-MyUa  |e AACR2 
041 0 |a gre 
082 7 |a 370.9495  |2 (23) 
100 1 |a Κωνσταντινίδης, Φ. Δ. Λ. 
245 1 0 |a Πεταχτές νότες για το εκπαιδευτικό ζήτημα :   |b πολεμική απο την εφημερίδα Παρατηρητής των Χανίων /   |c Φ. Δ. Λ. Κωνσταντινίδου, διευθυντού πρακτικού Λυκείου.  
260 |a [Χανιά] :   |b [χ. ό.],   |c 1927.  
300 |a 60 σ. ;   |c 15χ10 εκ.  
500 |a Έκδοση χειρόγραφη.  
500 |a Τα σχόλια που παραθέτει η εφημερίδα "Παρατηρητής των Χανίων (αριθ. 152, 12 Ιουνίου1927) ύστερα από το Γεωργικό συνέδριο, σχετικά με τη δήλωση του κ. Γ. Δαφέρμου ότι....  
650 0 |a Education  |z Greece. 
852 |a INST  |b SAMOS  |c MAG  |e 20221108  |h 370.9495 ΚΩΝ  |p 005300034683  |q 005300034683  |t BK  |y 0 
970 |a Γουβάλα  |b Βάσω  |z 8-11-2022